Score 0/46 Timer 04:00
0 Plays Today
Hint 4-Letter Word % Correct
Hourglass contentsSAND
94.1%
Not lightDARK
90.8%
'Zombie____', Jesse Eisenberg zombie filmLAND
90.3%
Animal fat for cookingLARD
90%
Of sound mindSANE
89.8%
'28 ____ Later', Danny Boyle zombie filmDAYS
88.6%
Pace of some zombiesSLOW
87.3%
A type of birdLARK
86.7%
School examTEST
86.2%
Trigonomic functionSINE
85.6%
A light curse wordDARN
82.3%
Not YoursMINE
81.7%
Small rodentsMICE
80.5%
What you do to a candleBLOW
79.3%
Jagger of the StonesMICK
79.2%
PleasantNICE
78.5%
Ink stainBLOT
77.7%
Part of a chairSEAT
77.3%
Pace of some zombiesFAST
77%
Young malesBOYS
76.5%
Milk sourceTEAT
75.9%
Cold cabbage dishSLAW
75.8%
CelebrationFEST
74.9%
Hint 4-Letter Word % Correct
Craig and Day-LewisDANS
74.6%
Follow a bookREAD
73.9%
'Shaun of the Dead' star FrostNICK
73.6%
Maker of TrucksMACK
71.8%
Baffin and BengalBAYS
69.5%
Bed boardSLAT
68.8%
Look afterMIND
68.7%
FixMEND
68.3%
[First Rung] of the ____, George A. Romero Zombie filmDEAD
68%
The speed of sound, to a planeMACH
66.2%
Tear into piecesREND
64.2%
LocationSITE
63.4%
Galifianakis of 'The Hangover'ZACH
62.8%
____ of the [Last Rung], George A. Romero Zombie filmDAWN
61.4%
Disapproving soundsBOOS
60%
KickBOOT
59.7%
What zombies like to doBITE
56.8%
Snyder, remake director of Romero's 1978 classicZACK
54.1%
DampDANK
53.3%
FoundationBASE
52.4%
Strong woody fiberBAST
45.4%
To refrainBATE
43%
____ Rambo, Jack Ewing in DallasDACK
42.2%

Today's Daily Dose

Missing Word
'T' Pairs

Word Ladder
Game Pieces

Get the Picture
Baseball Movies

Remove Ads.
Support Sporcle.
Get the best of Sporcle when you Go Orange. This ad-free experience offers more features, more stats, and more fun while also helping to support Sporcle. Thank you for becoming a member.

You're not logged in!

Compare scores with friends on all Sporcle quizzes.
OR
Log In

Show Comments

Extras

Top Quizzes Today


Score Distribution

Your Account Isn't Verified!

In order to create a playlist on Sporcle, you need to verify the email address you used during registration. Go to your Sporcle Settings to finish the process.

Report this User

Report this user for behavior that violates our Community Guidelines.

Details: